Everyday cookery for India and Pakistan (Record no. 184047)

000 -LEADER
fixed length control field 00936 a2200193 4500
003 - CONTROL NUMBER IDENTIFIER
control field Nust
005 - DATE AND TIME OF LATEST TRANSACTION
control field 20170207153319.0
010 ## - LIBRARY OF CONGRESS CONTROL NUMBER
LC control number 48040046
040 ## - CATALOGING SOURCE
Transcribing agency Nust
082 ## - DEWEY DECIMAL CLASSIFICATION NUMBER
Classification number 641.502
100 ## - MAIN ENTRY--PERSONAL NAME
Personal name Betty E. Norris.
245 ## - TITLE STATEMENT
Title Everyday cookery for India and Pakistan
Remainder of title 875 tried and tested recipes for delicious dishes & drinks
Statement of responsibility, etc. Betty E. Norris & Mrs. R.Pastakia,
260 ## - PUBLICATION, DISTRIBUTION, ETC.
Place of publication, distribution, etc. Bombay,
Name of publisher, distributor, etc. D.B. Taraporevala Sons
Date of publication, distribution, etc. 1947
300 ## - PHYSICAL DESCRIPTION
Extent xii, 255 p
Other physical details illus
Dimensions 19 cm
505 ## - FORMATTED CONTENTS NOTE
Formatted contents note Appetisers (Page-1) Appetisers (Page-4) Canapes (Page-9) Fruit Juice Cocktails (Page-13) I\Ordinary Stock Vegetarian Stock (Page-16) Vegetarian Soups (Page-17) Salads (Page-26) Meat Dishes (Page-35) Meat Dishes (Page-39) Meat Dishes (Page-43) Meat Dishes (Page-46) Poultry and Game (Page-49).
538 ## - SYSTEM DETAILS NOTE
System details note Almirah No.43 Shelf No. 4
600 ## - SUBJECT ADDED ENTRY--PERSONAL NAME
Personal name Betty E. Norris
650 ## - SUBJECT ADDED ENTRY--TOPICAL TERM
Topical term or geographic name entry element Everyday cookery for India; 875 tried and tested recipes for delicious dishes & drinks
942 ## - ADDED ENTRY ELEMENTS (KOHA)
Source of classification or shelving scheme
Koha item type Book
Holdings
Withdrawn status Lost status Source of classification or shelving scheme Damaged status Not for loan Collection code Permanent Location Current Location Date acquired Total Checkouts Full call number Barcode Date last seen Price effective from Koha item type
            Military College of Signals (MCS) Military College of Signals (MCS) 12/12/2016   641.502 NOR MCS30169 12/08/2016 12/12/2016 Book
© 2023 Central Library, National University of Sciences and Technology. All Rights Reserved.